000 00652nam a2200217 i 4500
001 135322
003 ES-MaACL
005 20260521123126.0
007 t|
008 070716s1978 sp ||||1| spa d
080 _a330.85
100 1 _aTogliatti, Palmiro.
_9110420
245 1 0 _aUna controversia sobre el movimiento comunista internacional /
_cPalmiro Togliatti, Mao-Tse-Tung.
250 _a[1ยช ed.].
260 _a[Barcelona] :
_bIcaria,
_c[1978]
300 _a189 p. ;
_c20 cm.
650 7 _aComunismo
_2embne
_911211
700 1 _aMao, Zedong,
_d1893-1976
_9170492
852 _aES-MaACL
_jA-8513
_bR.97327
999 _c135322
_d135322